Report, 7th / (Record no. 5366)
[ view plain ]
| 000 -LEADER | |
|---|---|
| fixed length control field | 01143nam a2200337 a 4500 |
| 001 - CONTROL NUMBER | |
| control field | vtls000001451 |
| 003 - CONTROL NUMBER IDENTIFIER | |
| control field | NLI |
| 005 - DATE AND TIME OF LATEST TRANSACTION | |
| control field | 20210601180110.0 |
| 008 - FIXED-LENGTH DATA ELEMENTS--GENERAL INFORMATION | |
| fixed length control field | 101125s1973 ii l f000 0 eng |
| 020 ## - INTERNATIONAL STANDARD BOOK NUMBER | |
| Terms of availability | Rs. 0.75 |
| 039 #9 - LEVEL OF BIBLIOGRAPHIC CONTROL AND CODING DETAIL [OBSOLETE] | |
| -- | 201011250001 |
| -- | VLOAD |
| 040 ## - CATALOGING SOURCE | |
| Original cataloging agency | NLI |
| Transcribing agency | VTLS |
| 041 0# - LANGUAGE CODE | |
| Language code of text/sound track or separate title | eng |
| 044 ## - COUNTRY OF PUBLISHING/PRODUCING ENTITY CODE | |
| MARC country code | ii |
| 082 04 - DEWEY DECIMAL CLASSIFICATION NUMBER | |
| Classification number | 328.54 |
| 110 1# - MAIN ENTRY--CORPORATE NAME | |
| Corporate name or jurisdiction name as entry element | India. |
| Subordinate unit | Parliament. |
| -- | Lok Sabha |
| Number of part/section/meeting | (5th : |
| Date of meeting or treaty signing | 1971-1977). |
| Subordinate unit | Joint Committee on Offices of Profit |
| 9 (RLIN) | 8711 |
| 245 10 - TITLE STATEMENT | |
| Title | Report, 7th / |
| Statement of responsibility, etc. | Joint Committee on Offices of Profit, 5th Lok Sabha, Government of India |
| 260 ## - PUBLICATION, DISTRIBUTION, ETC. | |
| Place of publication, distribution, etc. | New Delhi : |
| Name of publisher, distributor, etc. | Lok Sabha Secretariat, |
| Date of publication, distribution, etc. | 1973 |
| 300 ## - PHYSICAL DESCRIPTION | |
| Extent | 35 p.; |
| Dimensions | 24 cm. |
| 500 ## - GENERAL NOTE | |
| General note | Presented on the 21st December, 1973 |
| 650 #0 - SUBJECT ADDED ENTRY--TOPICAL TERM | |
| Topical term or geographic name entry element | Legislative bodies |
| Geographic subdivision | India |
| General subdivision | Committees |
| 9 (RLIN) | 7189 |
| 650 #0 - SUBJECT ADDED ENTRY--TOPICAL TERM | |
| Topical term or geographic name entry element | Legislative reportings |
| 653 ## - INDEX TERM--UNCONTROLLED | |
| Uncontrolled term | Emoluments and allowances |
| -- | Members |
| 887 ## - NON-MARC INFORMATION FIELD | |
| Content of non-MARC field | kajol |
| 901 ## - LOCAL DATA ELEMENT A, LDA (RLIN) | |
| a | IOD71061 |
| b | 27.03.1974 |
| 902 ## - LOCAL DATA ELEMENT B, LDB (RLIN) | |
| a | GP328.54[1] In2 plo[5th]no.7 |
| 905 ## - LOCAL DATA ELEMENT E, LDE (RLIN) | |
| a | kajol |
| 906 ## - LOCAL DATA ELEMENT F, LDF (RLIN) | |
| a | IOD1588 |
| 942 ## - ADDED ENTRY ELEMENTS (KOHA) | |
| Source of classification or shelving scheme | Dewey Decimal Classification |
| Koha item type | Books |
| Withdrawn status | Lost status | Damaged status | Not for loan | Collection code | Home library | Current library | Shelving location | Date acquired | Total Checkouts | Full call number | Date last seen | Price effective from | Koha item type |
|---|---|---|---|---|---|---|---|---|---|---|---|---|---|
| Government Publications | National Library of India | National Library of India | Annexe Reading Room & Stack Division | GP328.54[1] In2 plo[5th]no.7 | 01/06/2021 | 01/06/2021 | Books |
